000 00411nam a22001697a 4500
005 20180613172523.0
008 160526b xxu||||| |||| 00| 0 eng d
020 _a81-203-1707-6
041 _aeng
082 _b5303
_a657.42
100 _aHorngen, foster & Datar
_91320
245 _aCost Accounting
260 _aNew Delhi
_bAcademic Faundation
300 _a882
650 _aManagement
_9241
942 _cBK
999 _c1858
_d1857